Normal view
MARC view
Entry Término temático
001 - NÚMERO DE CONTROL
- campo de control: 164400
003 - IDENTIFICADOR DEL NÚMERO DE CONTROL
- campo de control: OSt
005 - FECHA Y HORA DE LA ÚLTIMA TRANSACCIÓN
- campo de control: 20220127160830.0
008 - DATOS DE LONGITUD FIJA
- campo de control de longitud fija: 220127|| aca||aabn | a|a d
040 ## - FUENTE DE LA CATALOGACIÓN
- Centro catalogador/agencia de origen: OSt
- Centro/agencia transcriptor: OSt
150 ## - ENCABEZAMIENTO--TÉRMINO DE MATERIA
- Término de materia o nombre geográfico como elemento de entrada: Frijol
- Subdivisión general: variedades
- Subdivisión general: Chihuahua
670 ## - FUENTE DE DATOS ENCONTRADOS
- Cita de la fuente: Work cat.: (OSt)199071: Garcia Bernal, Antonio 45772, Pinto agabe nueva variedad de frijol para las areas de riego del estado de Chihuahua /
